000 00570cam a2200193ua 4500
001 1452
008 110709n ii |||gr||||Z||||||asm
040 _cMAIN
082 _a320.5
100 1 _aDas, Mrigendra Narayan,
_eAuthor.
245 1 _aSocrates, plato, aristotler rajnaitik darsan aru rajniti bigyanar tatva
_cby Mrigendra Narayan Das
250 _a2nd.
260 _aDibrugarh:
_bStudents Emporium,995.
300 _a328p:
_c23cm.
653 _aPolitical Science
653 _aPolitical philosophy & theory
700 _aBhagawati, Diren,
_eAuthor.
942 _cBK
999 _c1341
_d1341